000 00523nma a22001937a 4500
005 20210325185942.0
006 g q ||
008 eng d
041 _aeng
090 _aMP0001
245 1 0 _aWashington D.C. [Map]
260 3 _aWashington D.C. :
_bBerndtson & Berndtson
300 _a1 map (Scale 1:
_b15,000)Colour
650 0 4 _aWashington D.C., United States -- Maps
850 _aNALT
942 _cCD
997 _c000000000024276
_kVC
998 _aSANG-AROON ANU-KRAUGH
999 _c24276
_d24276